Case studies in social work practice /

Bibliographic Details
Other Authors: LeCroy, Craig W.
Format: Book
Language:English
Published: Pacific Grove, Calif. : Brooks/Cole Publishing, [1999]
Edition:2nd ed.
Subjects:

MARC

Tag First Indicator Second Indicator Subfields
LEADER 00000cam a2200000 a 4500
001 in00001473621
005 20151021055405.0
008 980427s1999 caua b 000 0 eng
010 |a  98007745  
015 |a GB98-66487 
019 |a 39913548 
020 |a 0534356567 (alk. paper) 
035 |a (OCoLC)39050931 
035 |9 AJF3618AM 
040 |a DLC  |c DLC  |d UKM  |d TXA  |d UtOrBLW 
043 |a n-us--- 
049 |a TXAM 
050 0 0 |a HV91  |b .C36 1999 
082 0 0 |a 361.3/2/0973  |2 21 
245 0 0 |a Case studies in social work practice /  |c [edited by] Craig Winston LeCroy. 
250 |a 2nd ed. 
264 1 |a Pacific Grove, Calif. :  |b Brooks/Cole Publishing,  |c [1999] 
264 4 |c ©1999 
300 |a xx, 314 pages :  |b illustrations ;  |c 24 cm. 
336 |a text  |b txt  |2 rdacontent 
337 |a unmediated  |b n  |2 rdamedia 
338 |a volume  |b nc  |2 rdacarrier 
504 |a Includes bibliographical references. 
500 |a Errata slip inserted. 
650 0 |a Social service  |z United States  |x Case studies. 
650 4 |a Social service  |z United States  |x Case studies. 
700 1 |a LeCroy, Craig W. 
948 |a c:ce 
999 |a MARS 
999 f f |s b5c9e639-cb4b-3b09-bb95-af75171cdad6  |i ca3d05ec-e0f1-3eac-8896-45f5b7bd1f3f  |t 0 
952 f f |p ric  |a Texas A&M University  |b Rellis Campus  |c Joint Library Facility  |d Remote Storage  |t 0  |e HV91 .C36 1999  |h Library of Congress classification  |i unmediated -- volume  |m A14824120358 
998 f f |a HV91 .C36 1999  |t 0  |l Remote Storage